Iniciación a la música para los aficionados a la música y a la radio... / (Record no. 134612)

MARC details
000 -LEADER
campo de control de longitud fija 00764nam a2200193 i 4500
001 - NÚMERO DE CONTROL
campo de control 134612
003 - IDENTIFICADOR DE NÚMERO DE CONTROL
campo de control ES-MaACL
005 - FECHA Y HORA DE LA ÚLTIMA TRANSACCIÓN
campo de control 20230906194718.0
007 - CAMPO FIJO DE DESCRIPCIÓN FÍSICA--INFORMACIÓN GENERAL
campo de control de longitud fija t|
008 - DATOS DE LONGITUD FIJA--INFORMACIÓN GENERAL
campo de control de longitud fija 070912s1953 sp ||||1| spa d
100 1# - ENTRADA PRINCIPAL--NOMBRE DE PERSONA
Nombre de persona Wild, Roger.
9 (RLIN) 116819
245 10 - MENCIÓN DEL TÍTULO
Título Iniciación a la música para los aficionados a la música y a la radio... /
Mención de responsabilidad, etc. bajo la dirección de Roger Wild ; traducida... por el R. P. Germán Prado ; ampliada según la tercera edición... por María Teresa de Llanos Mac-Mahon.
250 ## - MENCION DE EDICION
Mención de edición 2ª ed. española.
260 ## - PUBLICACIÓN, DISTRIBUCIÓN, ETC.
Lugar de publicación, distribución, etc. Madrid :
Nombre del editor, distribuidor, etc. Espasa-Calpe,
Fecha de publicación, distribución, etc. 1953.
300 ## - DESCRIPCIÓN FÍSICA
Extensión 503 p., 11 h. de lám. :
Otras características físicas il. ;
Dimensiones 21 cm.
700 1# - ENTRADA AGREGADA--NOMBRE PERSONAL
Nombre de persona Prado, Germán.
9 (RLIN) 93608
700 1# - ENTRADA AGREGADA--NOMBRE PERSONAL
Nombre de persona Llanos Mac-Mahon, María Teresa de.
9 (RLIN) 72716
852 ## - LOCALIZACIÓN
Ubicación ES-MaACL
Número de control de estantería D-9270
Sublocalización o colección R.33974
Holdings
Estatus retirado Estado de pérdida Estado de daño No para préstamo Biblioteca de origen Biblioteca actual Ubicación en estantería Fecha de adquisición Fuente de adquisición Total de préstamos Signatura topográfica completa Código de barras Visto por última vez Precio de reemplazo Tipo de ítem Koha
        Biblioteca del Ateneo de Madrid Biblioteca del Ateneo de Madrid Sala Valle Inclán 17/01/2008     D-9270 901140115 23/02/2023 23/02/2023 Libro impreso